[Event "Mare di Fano op 2nd"]
[Site "Fano"]
[Date "2013.08.02"]
[Round "7"]
[White "Gambardella, Piero"]
[Black "Fathi, Hassan"]
[Result "0-1"]
[WhiteElo "1992"]
[BlackElo "1921"]
[PlyCount "46"]
[EventDate "2013.07.29"]
[EventType "swiss"]
[EventRounds "9"]
[EventCountry "ITA"]
[SourceTitle "EXT 2015"]
[Source "ChessBase"]
[SourceDate "2014.11.20"]
[SourceVersion "1"]
[SourceVersionDate "2014.11.20"]
[SourceQuality "1"]

1. Nf3 d5 2. g3 Nf6 3. Bg2 Nbd7 4. d4 e6 5. 0-0 c5 6. c4 b6 7. cxd5 exd5 8. Nc3 Bb7 9. Qa4 Be7 10. dxc5 bxc5 11. Ne5 0-0 12. Nxd7 Nxd7 13. Rd1 Nb6 14. Qc2 Qd7 15. e4 d4 16. a4 Rad8 17. a5 d3 18. axb6 dxc2 19. Rxd7 Rxd7 20. Nd5 Bxd5 21. exd5 axb6 22. Bf4 Bf6 23. d6 Bxb2 0-1

[Event "Mare di Fano op 2nd"]
[Site "Fano"]
[Date "2013.08.01"]
[Round "5"]
[White "Gambardella, Piero"]
[Black "Coppola, Federico"]
[Result "1/2-1/2"]
[WhiteElo "1992"]
[BlackElo "1957"]
[PlyCount "96"]
[EventDate "2013.07.29"]
[EventType "swiss"]
[EventRounds "9"]
[EventCountry "ITA"]
[SourceTitle "EXT 2015"]
[Source "ChessBase"]
[SourceDate "2014.11.20"]
[SourceVersion "1"]
[SourceVersionDate "2014.11.20"]
[SourceQuality "1"]

1. d4 Nf6 2. Bg5 Ne4 3. Bf4 c5 4. d5 Qb6 5. Bc1 g6 6. f3 Nf6 7. e4 d6 8. Na3 Bg7 9. Nc4 Qc7 10. a4 b6 11. Ne2 0-0 12. Nc3 a6 13. Bf4 Nbd7 14. Qd2 Re8 15. Be2 Rb8 16. 0-0 b5 17. axb5 axb5 18. Nxb5 Rxb5 19. Nxd6 exd6 20. Bxb5 Nh5 21. Be3 f5 22. c3 fxe4 23. f4 Rf8 24. Be2 Nhf6 25. Ra3 Nb6 26. c4 Ng4 27. Kh1 Nxe3 28. Rxe3 Re8 29. Qa5 Bd7 30. Rb3 Rb8 31. h3 Bd4 32. Bg4 Bxg4 33. hxg4 e3 34. f5 Qd8 35. f6 e2 36. f7+ Kf8 37. Re1 Qe7 38. Qd2 Kxf7 39. Rxe2 Be5 40. Qh6 Kg8 41. Qh3 Qg5 42. Re1 Nd7 43. Ra3 Nf6 44. Ra7 Qxg4 45. Rxh7 Qxh3+ 46. Rxh3 Rxb2 47. Rf3 Rb7 48. Rxe5 Rb1+ 1/2-1/2

[Event "Mare di Fano op 2nd"]
[Site "Fano"]
[Date "2013.07.31"]
[Round "4"]
[White "Petrone, Gianmario"]
[Black "Gambardella, Piero"]
[Result "1/2-1/2"]
[WhiteElo "1993"]
[BlackElo "1992"]
[PlyCount "43"]
[EventDate "2013.07.29"]
[EventType "swiss"]
[EventRounds "9"]
[EventCountry "ITA"]
[SourceTitle "EXT 2015"]
[Source "ChessBase"]
[SourceDate "2014.11.20"]
[SourceVersion "1"]
[SourceVersionDate "2014.11.20"]
[SourceQuality "1"]

1. e4 e5 2. Nf3 Nc6 3. Bc4 Nf6 4. d3 Be7 5. 0-0 d6 6. c3 0-0 7. Bb3 Be6 8. Nbd2 Qd7 9. Re1 Rfe8 10. Nf1 h6 11. Ng3 Bf8 12. Bc2 d5 13. Qe2 b5 14. exd5 Bxd5 15. a4 b4 16. Be3 Ng4 17. c4 Nxe3 18. fxe3 Be6 19. d4 Bg4 20. d5 Na5 21. h3 Bxf3 22. Qxf3 1/2-1/2

[Event "Mare di Fano op 2nd"]
[Site "Fano"]
[Date "2013.07.29"]
[Round "1"]
[White "Gambardella, Piero"]
[Black "Ambartsumova, Karina"]
[Result "0-1"]
[WhiteElo "1992"]
[BlackElo "2306"]
[PlyCount "96"]
[EventDate "2013.07.29"]
[EventType "swiss"]
[EventRounds "9"]
[EventCountry "ITA"]
[SourceTitle "EXT 2015"]
[Source "ChessBase"]
[SourceDate "2014.11.20"]
[SourceVersion "1"]
[SourceVersionDate "2014.11.20"]
[SourceQuality "1"]

1. d4 Nf6 2. c4 e6 3. Nf3 d5 4. Nc3 Bb4 5. Bg5 h6 6. Bxf6 Qxf6 7. Qb3 Nc6 8. e3 dxc4 9. Bxc4 0-0 10. 0-0 Bd6 11. Ne4 Qe7 12. Nxd6 cxd6 13. Be2 b6 14. Rac1 Bb7 15. Qa3 a6 16. Rc2 Rfc8 17. Rfc1 b5 18. Nd2 Na7 19. Bf3 Rxc2 20. Rxc2 Rc8 21. Rxc8+ Nxc8 22. Qa5 Bxf3 23. Nxf3 Qb7 24. Qd8+ Kh7 25. h3 Qc6 26. Qf8 Qc7 27. e4 Qc1+ 28. Kh2 Qf4+ 29. Kg1 Nb6 30. Qd8 Qc1+ 31. Kh2 Qf4+ 32. Kg1 Na4 33. Qc7 Nxb2 34. Qc2 Nc4 35. a4 f5 36. axb5 axb5 37. d5 Qxe4 38. Qxe4 fxe4 39. dxe6 Kg6 40. Nd4 b4 41. Kf1 Kf6 42. Ke2 g5 43. f3 d5 44. g3 Na5 45. f4 gxf4 46. gxf4 b3 47. Kd1 e3 48. e7 Kxe7 0-1

[Event "Salerno op"]
[Site "Salerno "]
[Date "2012.01.27"]
[Round "1"]
[White "Maddaloni, Giovanni"]
[Black "Gambardella, Piero"]
[Result "0-1"]
[WhiteElo "1770"]
[BlackElo "2002"]
[PlyCount "53"]
[EventDate "2012.01.27"]
[EventType "swiss"]
[EventRounds "6"]
[EventCountry "ITA"]
[SourceTitle "EXT 2014"]
[Source "ChessBase"]
[SourceDate "2013.11.20"]
[SourceVersion "1"]
[SourceVersionDate "2013.11.20"]
[SourceQuality "1"]

1. e4 e6 2. d4 d5 3. Nc3 Bb4 4. e5 c5 5. Qg4 Ne7 6. Nf3 Qc7 7. Bd2 Bd7 8. 0-0-0 cxd4 9. Nb5 Bxd2+ 10. Rxd2 Bxb5 11. Bxb5+ Nbc6 12. Qxg7 Rg8 13. Qxh7 Qa5 14. Nxd4 Qxa2 15. Nb3 a5 16. Rdd1 a4 17. Nd4 Rc8 18. Bxc6+ bxc6 19. g3 a3 20. Qd3 axb2+ 21. Kd2 Rb8 22. Rb1 c5 23. Nb5 Qa5+ 24. Nc3 d4 25. Ke2 Qxc3 26. Qxc3 dxc3 27. Kd3 0-1

[Event "Bisaccia op 3rd"]
[Site "Bisaccia"]
[Date "2011.06.03"]
[Round "3"]
[White "Moscarino, Carlo"]
[Black "Gambardella, Piero"]
[Result "1-0"]
[WhiteElo "1622"]
[BlackElo "1973"]
[PlyCount "77"]
[EventDate "2011.06.08"]
[EventType "swiss"]
[EventRounds "7"]
[EventCountry "ITA"]
[SourceTitle "EXT 2014"]
[Source "ChessBase"]
[SourceDate "2013.11.20"]
[SourceVersion "1"]
[SourceVersionDate "2013.11.20"]
[SourceQuality "1"]

1. e4 e6 2. Nc3 d5 3. d4 Bb4 4. e5 c5 5. a3 Bxc3+ 6. bxc3 Ne7 7. Nf3 Nbc6 8. Be2 Qa5 9. Bd2 0-0 10. a4 Bd7 11. 0-0 c4 12. h3 f6 13. exf6 Rxf6 14. Bg5 Rf7 15. Qd2 Raf8 16. Bh4 Nf5 17. Bg3 Nxg3 18. fxg3 Qc7 19. Qg5 Rf5 20. Qh4 Qa5 21. g4 Rf4 22. g3 Rxf3 23. Bxf3 Qxc3 24. Bg2 Qxd4+ 25. Kh2 Rxf1 26. Rxf1 Be8 27. Qg5 Bg6 28. Qc1 Qc3 29. Qf4 h6 30. h4 Qxc2 31. h5 Bd3 32. Rf2 Qc3 33. Qf8+ Kh7 34. Qe8 Ne5 35. Rf8 Nxg4+ 36. Kh3 Nf2+ 37. Rxf2 Qe5 38. Rf8 Bf5+ 39. Kh2 1-0

[Event "Bisaccia op 2nd"]
[Site "Bisaccia"]
[Date "2010.05.30"]
[Round "2"]
[White "Gambardella, Piero"]
[Black "Boni, Gianni"]
[Result "1-0"]
[WhiteElo "1986"]
[BlackElo "1856"]
[PlyCount "114"]
[EventDate "2010.05.29"]
[EventType "swiss"]
[EventRounds "7"]
[EventCountry "ITA"]
[SourceTitle "EXT 2024"]
[Source "ChessBase"]
[SourceDate "2023.10.10"]
[SourceVersion "1"]
[SourceVersionDate "2023.10.10"]
[SourceQuality "1"]

1. d4 b6 2. e4 Bb7 3. Bd3 e6 4. Qe2 f5 5. Nf3 fxe4 6. Bxe4 Bxe4 7. Qxe4 Nc6 8. 0-0 Nf6 9. Qe2 Be7 10. c4 0-0 11. Nc3 a6 12. Bf4 Nh5 13. Bg3 Nxg3 14. hxg3 Bf6 15. Rad1 Qe7 16. Ne5 Bxe5 17. dxe5 Rf5 18. f4 Raf8 19. Ne4 h6 20. c5 b5 21. a4 Nb4 22. axb5 axb5 23. Qxb5 Nd5 24. Qb3 Rd8 25. Rf2 Rff8 26. Rxd5 exd5 27. Qxd5+ Qe6 28. Rd2 Qxd5 29. Rxd5 Kf7 30. f5 Ke7 31. g4 Rb8 32. c6 dxc6 33. Rc5 Rb6 34. Nd2 Rxb2 35. Nc4 Rb1+ 36. Kh2 Kd7 37. e6+ Kc8 38. Rxc6 Kb8 39. Ne5 Kb7 40. Rc2 Re1 41. Rb2+ Ka6 42. Nd3 Re3 43. Nc5+ Ka5 44. Rb7 Rc8 45. Nb3+ Ka4 46. Nc5+ Ka3 47. Na6 c5 48. Nc7 c4 49. Nb5+ Ka2 50. Nd6 Rc5 51. Ra7+ Kb3 52. Rb7+ Kc2 53. e7 c3 54. e8Q Rxe8 55. Nxe8 Kc1 56. Nd6 c2 57. Ne4 Kd1 1-0

[Event "Bisaccia op"]
[Site "Bisaccia"]
[Date "2009.06.01"]
[Round "6"]
[White "Vanacore, Francesco"]
[Black "Gambardella, Piero"]
[Result "1-0"]
[WhiteElo "2050"]
[BlackElo "2011"]
[PlyCount "73"]
[EventDate "2009.05.29"]
[EventType "swiss"]
[EventRounds "7"]
[EventCountry "ITA"]
[SourceTitle "EXT 2011"]
[Source "ChessBase"]
[SourceDate "2010.11.26"]
[SourceVersion "1"]
[SourceVersionDate "2010.11.26"]
[SourceQuality "1"]

1. e4 e6 2. d4 d5 3. Nd2 c5 4. exd5 Qxd5 5. Ngf3 Nf6 6. Bc4 Qd6 7. 0-0 Nc6 8. Nb3 cxd4 9. Nbxd4 Bd7 10. Bb3 0-0-0 11. c3 Be7 12. Qe2 Ng4 13. Rd1 Nce5 14. Nxe5 Nxe5 15. Nxe6 Bb5 16. Rxd6 Bxe2 17. Rxd8+ Bxd8 18. Nd4 Ba6 19. Bf4 Nd3 20. Bg3 Bc7 21. Bxf7 Bxg3 22. hxg3 Nxb2 23. Bd5 Rd8 24. Be4 g6 25. Re1 Na4 26. Re3 Kb8 27. Ne6 Rd1+ 28. Kh2 Nb2 29. Rf3 Kc8 30. Rf8+ Kd7 31. Nc5+ Ke7 32. Rh8 Bc4 33. Rxh7+ Kf6 34. Rxb7 Rd2 35. f4 Nd1 36. Bf3 Ne3 37. Ne4+ 1-0

[Event "Assisi op-A 4th"]
[Site "Assisi"]
[Date "2008.12.20"]
[Round "4"]
[White "Quimi, Marco"]
[Black "Gambardella, Piero"]
[Result "1-0"]
[WhiteElo "2239"]
[BlackElo "2021"]
[PlyCount "50"]
[EventDate "2008.12.18"]
[EventType "swiss"]
[EventRounds "9"]
[EventCountry "ITA"]
[SourceTitle "CBM 127 Extra"]
[Source "ChessBase"]
[SourceDate "2009.01.08"]
[SourceVersion "2"]
[SourceVersionDate "2009.01.28"]
[SourceQuality "1"]

1. d4 Nf6 2. Nf3 e6 3. Bf4 c5 4. e3 Nd5 5. Bg3 cxd4 6. exd4 Qb6 7. Qc1 Nc6 8. c3 d6 9. Nbd2 Be7 10. Bd3 0-0 11. 0-0 Bd7 12. Re1 Rac8 13. Ne4 Ncb4 14. Bb1 Bb5 15. Qd2 Na6 16. Neg5 g6 17. h4 Nf6 18. a4 Bc4 19. Ne4 Nc7 20. a5 Qc6 21. Qh6 Ncd5 22. Nfg5 Rfe8 23. Nf3 Ng4 24. Qd2 Ndf6 25. Bf4 Bd5 1-0

[Event "Isola d'Elba op 26th"]
[Site "Isola d'Elba"]
[Date "2008.05.10"]
[Round "3"]
[White "Gambardella, Piero"]
[Black "Papa, Angelo"]
[Result "1/2-1/2"]
[WhiteElo "2024"]
[BlackElo "1874"]
[PlyCount "63"]
[EventDate "2008.05.10"]
[EventType "swiss"]
[EventRounds "9"]
[EventCountry "ITA"]
[SourceTitle "CBM 124 Extra"]
[Source "ChessBase"]
[SourceDate "2008.07.03"]
[SourceVersion "1"]
[SourceVersionDate "2008.07.03"]
[SourceQuality "1"]

1. d4 g6 2. c4 Bg7 3. Nc3 d6 4. e4 Nf6 5. f3 0-0 6. Bg5 Nc6 7. Nge2 a6 8. Qd2 Rb8 9. 0-0-0 b5 10. h4 h5 11. Bh6 e5 12. Bxg7 Kxg7 13. Nd5 bxc4 14. dxe5 Nxe5 15. Nec3 Re8 16. f4 Neg4 17. Bxc4 Bb7 18. Rhe1 Bxd5 19. Bxd5 Qd7 20. Qd4 Kh7 21. Bb3 Qc8 22. Bxf7 Qb7 23. Nd5 Nxd5 24. exd5 c5 25. dxc6 Qxf7 26. Rxe8 Qxe8 27. f5 Qe3+ 28. Qxe3 Nxe3 29. fxg6+ Kg7 30. Rxd6 Nf5 31. c7 Rc8 32. Rc6 1/2-1/2

[Event "Isola d'Elba op 26th"]
[Site "Isola d'Elba"]
[Date "2008.05.10"]
[Round "1"]
[White "Gambardella, Piero"]
[Black "Vuelban, Virgilio"]
[Result "0-1"]
[WhiteElo "2024"]
[BlackElo "2270"]
[PlyCount "32"]
[EventDate "2008.05.10"]
[EventType "swiss"]
[EventRounds "9"]
[EventCountry "ITA"]
[SourceTitle "CBM 124 Extra"]
[Source "ChessBase"]
[SourceDate "2008.07.03"]
[SourceVersion "1"]
[SourceVersionDate "2008.07.03"]
[SourceQuality "1"]

1. d4 Nf6 2. c4 g6 3. Nc3 Bg7 4. e4 d6 5. f3 0-0 6. Bg5 a6 7. Qd2 c6 8. 0-0-0 b5 9. c5 dxc5 10. dxc5 Qa5 11. Kb1 Be6 12. Nd5 Qxd2 13. Nxe7+ Kh8 14. Rxd2 Ra7 15. h4 Rxe7 16. e5 Bf5+ 0-1

[Event "Bagnara Calabra op 1st"]
[Site "Bagnara Calabra"]
[Date "2008.01.04"]
[Round "3"]
[White "Gad, Ahmad"]
[Black "Gambardella, Piero"]
[Result "1-0"]
[WhiteElo "1947"]
[BlackElo "2031"]
[PlyCount "39"]
[EventDate "2008.01.02"]
[EventType "swiss"]
[EventRounds "7"]
[EventCountry "ITA"]
[SourceTitle "CBM 122 Extra"]
[Source "ChessBase"]
[SourceDate "2008.03.04"]
[SourceVersion "1"]
[SourceVersionDate "2008.03.04"]
[SourceQuality "1"]

1. Nf3 Nf6 2. b3 g6 3. Bb2 Bg7 4. g3 0-0 5. Bg2 d5 6. d4 Ne4 7. 0-0 c5 8. Qc1 c4 9. bxc4 dxc4 10. Ne5 Bf5 11. g4 c3 12. Nxc3 Nxc3 13. Bxc3 Bc8 14. Qb2 Nd7 15. Rfd1 Nb6 16. h3 Be6 17. d5 Qc7 18. dxe6 Na4 19. exf7+ Rxf7 20. Qb3 1-0

[Event "Bagnara Calabra op 1st"]
[Site "Bagnara Calabra"]
[Date "2008.01.04"]
[Round "4"]
[White "Gambardella, Piero"]
[Black "Serratore, Vincenzo"]
[Result "1-0"]
[WhiteElo "2031"]
[BlackElo "1939"]
[PlyCount "113"]
[EventDate "2008.01.02"]
[EventType "swiss"]
[EventRounds "7"]
[EventCountry "ITA"]
[SourceTitle "CBM 122 Extra"]
[Source "ChessBase"]
[SourceDate "2008.03.04"]
[SourceVersion "1"]
[SourceVersionDate "2008.03.04"]
[SourceQuality "1"]

1. d4 d5 2. c4 e5 3. dxe5 d4 4. Nf3 Nc6 5. g3 Bg4 6. Bg2 Nge7 7. Nbd2 Ng6 8. 0-0 Be7 9. Qb3 Rb8 10. Rd1 0-0 11. h3 Be6 12. Ne4 Ngxe5 13. Neg5 Nxf3+ 14. Nxf3 Na5 15. Qc2 c5 16. Bf4 Rc8 17. b3 Nc6 18. a3 a5 19. Ne5 Bf6 20. Nxc6 bxc6 21. Rab1 h5 22. b4 axb4 23. axb4 cxb4 24. Rxb4 g5 25. Bc1 Qd7 26. Kh2 Rb8 27. Ba3 Rxb4 28. Bxb4 Rb8 29. Bc5 Bf5 30. Qa4 Rc8 31. Bxd4 Bxd4 32. e3 Qe6 33. Rxd4 c5 34. Rd5 f6 35. Qa7 Kh8 36. Rxc5 h4 37. Rxc8+ Qxc8 38. Qf7 hxg3+ 39. fxg3 Qa6 40. e4 Bh7 41. e5 Bg8 42. Qg6 g4 43. Qh6+ Bh7 44. Qxf6+ Qxf6 45. exf6 gxh3 46. Bd5 Bf5 47. Kg1 Kh7 48. Kf2 Kg6 49. f7 Kg7 50. c5 Kf8 51. Ke3 Bc8 52. c6 h2 53. Kf4 Be6 54. c7 Ke7 55. f8Q+ Kxf8 56. Bxe6 h1Q 57. c8Q+ 1-0